[Event "Kalyan op 2nd"]
[Site "Kalyan"]
[Date "2019.01.30"]
[Round "2"]
[White "Snehal, Bohosale"]
[Black "Arnav, Pradhan"]
[Result "1-0"]
[WhiteElo "2135"]
[BlackElo "1304"]
[PlyCount "95"]
[EventDate "2019.01.29"]
[EventType "swiss"]
[EventRounds "10"]
[EventCountry "IND"]
[SourceTitle "CBM 188 Extra"]
[Source "ChessBase"]
[SourceDate "2019.02.26"]
[SourceVersion "1"]
[SourceVersionDate "2019.02.26"]
[SourceQuality "1"]

1. d4 Nf6 2. c4 g6 3. Nc3 Bg7 4. e4 d6 5. Nf3 0-0 6. Be2 e5 7. 0-0 Nbd7 8. Be3 Ng4 9. Bg5 f6 10. Bc1 g5 11. dxe5 Ngxe5 12. Nd4 Nc5 13. Be3 a5 14. b3 c6 15. f3 Qc7 16. Qd2 Ng6 17. Rfd1 Rd8 18. Rac1 Ne6 19. Nf5 Bf8 20. Na4 c5 21. g3 Ng7 22. Bxc5 Bxf5 23. Bb6 Qc6 24. exf5 Nxf5 25. Bxd8 Rxd8 26. Qxa5 Ne5 27. Qxd8 Nxf3+ 28. Bxf3 Qxf3 29. Qe8 Nxg3 30. hxg3 Qxg3+ 31. Kf1 Qf3+ 32. Ke1 Qg3+ 33. Kd2 d5 34. cxd5 Kg7 35. Kc2 Bb4 36. Kb1 Qf4 37. Qe6 Ba3 38. Nb2 Qh2 39. Rc2 Qf4 40. d6 Bb4 41. Rc7+ Kg6 42. Qf7+ Kf5 43. Qxh7+ Kg4 44. Rc4 Bxd6 45. Rxd6 f5 46. Rd3 Qe4 47. Qh3+ Kf4 48. Qg3# 1-0